| 000 | 00553nam a2200133Ia 4500 | ||
|---|---|---|---|
| 008 | 160809s9999 xx 000 0 und d | ||
| 100 | _aAl Hendawi, Maha. | ||
| 245 | _aEDUCATIONAL OUTCOMES FOR CHILDREN AT-RISK: THE INFLUENCE OF INDIVIDUAL DIFFERENCES IN CHILDREN'S TEMPERAMENTS | ||
| 245 | _cMaha Al-Hendawi Qatar University Evelyn Reed Virginia Commonwealth University. | ||
| 260 | _bInternational Journal of Special Education | ||
| 260 | _c2012 | ||
| 650 | _xSPECIAL EDUCATION | ||
| 856 | _uhttp://www.internationaljournalofspecialed.com/issues.php | ||
| 999 |
_c300391 _d300391 |
||